| 000 | 00510nam a2200169Ia 4500 | ||
|---|---|---|---|
| 008 | 230917s9999||||xx |||||||||||||| ||und|| | ||
| 020 | _cRS 695.00 | ||
| 040 |
_e5011244 _aMAIN |
||
| 041 | _aEnglish | ||
| 082 | _a613.7 R258P | ||
| 100 | _aReena Rani | ||
| 245 | 0 | _aPhysical fitness and wellness: As per NCTE, M.P.Ed prescribed syllabus subject code-MPEC-302 | |
| 260 |
_aNew Delhi _bFriends Publications _c2020 |
||
| 300 | _a254 p. | ||
| 500 | _a4783 16/12/2022 FP23/199 09/01/2023 Main Budget | ||
| 942 | _cBK | ||
| 999 |
_c7163 _d7163 |
||